|
|
|
|
| LEADER |
00000cam a2200000 a 4500 |
| 001 |
vtls001292916 |
| 003 |
SK-MaSNL |
| 005 |
20260301064958.0 |
| 008 |
240702s1997 xo gr 000 0bslo |
| 015 |
|
|
|a SNBA1997/1103327
|
| 020 |
|
|
|a 8071401277
|
| 035 |
|
|
|a SNK000244668
|
| 035 |
|
|
|a urn:nbn:sk:snk-amkgix
|
| 035 |
|
|
|a urn:nbn:sk:snk-am008fwm
|
| 035 |
|
|
|a 0EB2EFC2-1D11-4DE0-AF26-85B14B623C54
|
| 040 |
|
|
|a SNK
|b slo
|c SNK
|e AACR2
|
| 041 |
0 |
|
|a slo
|
| 044 |
|
|
|a xo
|c SK
|
| 072 |
|
7 |
|a 82
|x Literatúra. Literárny život
|2 konspekt
|
| 072 |
|
7 |
|a 929
|x Biografie
|2 konspekt
|
| 080 |
|
|
|a 885.4-94
|2 1981
|
| 080 |
|
|
|a 929 Kollár, Ján
|2 1981
|
| 080 |
|
|
|a 82‑1
|2 2011
|
| 080 |
|
|
|a (0:82-94)
|2 2011
|
| 080 |
|
|
|a 929(092)
|2 2011
|
| 100 |
1 |
|
|a Kollár, Ján,
|d 1793-1852
|4 aut
|9 106018
|
| 245 |
1 |
0 |
|a Pamäti z mladších rokov života
|c Ján Kollár ; [preložil Karol Goláň]
|
| 260 |
|
|
|a Liptovský Mikuláš
|b Tranoscius
|c 1997
|
| 300 |
|
|
|a 204 s.
|c 21 cm
|
| 490 |
1 |
|
|a Klub čitateľov Tranoscia
|v zv. č. 8
|
| 500 |
|
|
|a Rozlož. tit. strana
|
| 500 |
|
|
|a Údaj o prekl. prevzatý z rubu tit. strany
|
| 504 |
|
|
|a Vysvetl. a biogr. odkazy
|
| 600 |
1 |
|
|a Kollár, Ján,
|d 1793-1852
|2 SNKMA
|9 106018
|
| 650 |
0 |
7 |
|a slovenskí básnici
|2 SNKPH
|9 67856
|
| 655 |
|
7 |
|a autobiografické spomienky
|2 SNKPH
|9 70489
|
| 655 |
|
7 |
|a literárne memoáre
|2 SNKPH
|9 276747
|
| 700 |
1 |
|
|a Goláň, Karol,
|d 1895-1961
|4 trl
|9 108099
|
| 830 |
|
0 |
|a Klub čitateľov Tranoscia
|9 283800
|
| 852 |
|
|
|a Slovenská národná knižnica
|
| 919 |
|
|
|a 80-7140-127-7
|
| 954 |
|
|
|a beletria pôvodná (slovenská)
|2 lita
|
| 954 |
|
|
|a odborná, vedecká literatúra pôvodná (slovenská)
|2 lita
|
| 958 |
|
|
|a TL
|
| 958 |
|
|
|a LX
|
| 958 |
|
|
|a BX
|
| 958 |
|
|
|a UP
|
| 958 |
|
|
|a CZ
|
| 958 |
|
|
|a NS
|
| 968 |
|
|
|b ČES
|
| 999 |
|
|
|c 628951
|d 630881
|
| 952 |
|
|
|t P60, <09>, [BOOK], {629}
|a SNK
|b SNK
|y NEVYP
|7 0
|o snkC 1658
|i snk3213/970707
|0 0
|1 0
|4 0
|d 1997-07-04
|l 0
|r 2005-01-02 00:00:00
|w 2026-02-23
|
| 952 |
|
|
|t P60, <03>, [BOOK], {603}
|a SNK
|b SNK
|y PREZ
|7 0
|p 17A0077584
|o snkSC 93584
|i snkKSP 7171/97
|0 0
|1 0
|4 0
|d 1997-07-04
|f 1
|l 0
|r 2025-09-11 00:00:00
|w 2026-02-23
|
| 952 |
|
|
|a SNK
|b SNK
|y VYP
|7 0
|p 17A0077583
|o snkSC 93584 D1
|i snkKSP 7172/97
|0 0
|1 0
|4 0
|d 1997-07-04
|l 0
|r 2005-01-02 00:00:00
|w 2026-02-23
|